'A' Cartoon Characters by Picture - Statistics

General Stats
  • This quiz has been taken 71 times
  • The average score is 11 of 30
Answer Stats
Picture Answer % Correct
Aladdin
93%
Anna
87%
Ash Ketchum
85%
Arthur Read
77%
Anxiety
72%
Amy Rose
63%
Astrid Hofferson
57%
Astro Boy
57%
Angel Dust
50%
Applejack
45%
Anastasia Romanov
38%
Amethyst
37%
Angelica Pickles
35%
Archie Andrews
35%
Arlo
30%
Adam
20%
Alberto Scorfano
20%
Anne Boonchuy
18%
Alastor
17%
Alejandro
17%
Amity Blight
17%
Ampharos
17%
Abby Park
15%
Alice Angel
15%
April O'Neil
15%
Aqualad
15%
Aku Aku
5%
Aero the Acro-Bat
3%
Antasma
3%
Avocato
2%
No matching quizzes found
Score Distribution
Percent of People with Each Score
Percentile by Number Answered
Your Score History
You have not taken this quiz